000 00239nam a22001097a 4500
082 _a080/SWA
100 _aSwami,Om
_982313
245 _aA million Thoughts
260 _aMumbai
_bJaico Publishing
_c2023
650 _aPhilosophy
942 _cBK
999 _c66777
_d66777